[Event "GER-ch 72nd"]
[Site "Heringsdorf"]
[Date "2000.11.21"]
[Round "5"]
[White "Enders, Peter"]
[Black "Berezovsky, Igor"]
[Result "1/2-1/2"]
[WhiteElo "2468"]
[BlackElo "2404"]
[PlyCount "169"]
[EventDate "2000.11.17"]
[EventType "swiss"]
[EventRounds "9"]
[EventCountry "GER"]
[SourceTitle "CBM 080"]
[Source "ChessBase"]
[SourceDate "2001.01.25"]
[SourceVersion "1"]
[SourceVersionDate "2001.01.25"]
[SourceQuality "1"]

1. e4 e5 2. Nf3 Nf6 3. d4 Nxe4 4. Bd3 d5 5. Nxe5 Nd7 6. Nxd7 Bxd7 7. 0-0 Bd6 8. c4 c6 9. cxd5 cxd5 10. Qh5 0-0 11. Qxd5 Bc6 12. Qh5 g6 13. Qh3 Bb4 14. Be3 Rc8 15. Na3 Bxa3 16. bxa3 Re8 17. Rfc1 a6 18. Qg4 Nf6 19. Qg5 Qd6 20. Bc4 Nd5 21. Bb3 Rcd8 22. a4 Rd7 23. a5 Rde7 24. Bxd5 Qxd5 25. Qxd5 Bxd5 26. Rc5 Rd7 27. a3 f6 28. h3 Kf7 29. Rb1 Re6 30. Kh2 Bc6 31. Rbc1 Red6 32. g4 Rd5 33. Kg3 Rxc5 34. Rxc5 Rd5 35. Rxd5 Bxd5 36. h4 h5 37. gxh5 gxh5 38. Kf4 Ke6 39. Bd2 Bb3 40. Bb4 Bd5 41. Bc5 Bb3 42. Bb6 Bc4 43. Bd8 Bb3 44. Ke3 Bd5 45. Kd3 Bf3 46. Kc4 Bd5+ 47. Kc5 Bf3 48. Kb6 Be4 49. Kc7 Bf3 50. Kc8 Bc6 51. Bb6 Ke7 52. Bc5+ Ke6 53. Kd8 Ba4 54. Bf8 Kf7 55. Bh6 Bc6 56. Bd2 Ke6 57. Be3 Ba4 58. Bh6 Bc6 59. Bg7 Ba4 60. Bh8 Bc6 61. Bg7 Kf7 62. Bh6 Ke6 63. Bd2 Ba4 64. Bc3 Bb5 65. Bb4 Ba4 66. Bf8 Kf7 67. Bh6 Ke6 68. Bg7 Bc6 69. Kc7 Bf3 70. Bh8 Be4 71. Kb6 Bd5 72. Bg7 Be4 73. Kc5 Bf3 74. Bh8 Be4 75. Bg7 Bf3 76. Bh6 Bc6 77. Bf4 Bf3 78. Bc7 Bc6 79. Bd8 Bf3 80. Bb6 Bc6 81. Bc7 Bf3 82. Bd8 Be4 83. d5+ Bxd5 84. Bxf6 Bf3 85. Bd8 1/2-1/2